=LDR 00000nam 2200000 4500 =001 INLIS000000000809574 =005 20250831112746 =035 ##$$a 0010-0825000067 =245 ##$$a Ayo Terus Sekolah : $b 8 Resep Pilihan Solusi terhadap Ancaman Anak- Anak Putus Sekolah Di Pedesaan /$c Sugeng Waluyo =250 ##$$a Cet.3 =260 ##$$a Surabaya : :$b SIC,,$c 2010 =020 ##$$a 979-8661-186-9 =008 250831###########################0###### =082 ##$$a 600 =084 ##$$a 621 WAL a =990 ##$$a 00000000134